Pastoral administration. / (Record no. 29710)
[ view plain ]
| 000 -LEADER | |
|---|---|
| fixed length control field | 00789nam a22002531a 4500 |
| 001 - CONTROL NUMBER | |
| control field | 8921585 |
| 005 - DATE AND TIME OF LATEST TRANSACTION | |
| control field | 20110718130523.0 |
| 008 - FIXED-LENGTH DATA ELEMENTS--GENERAL INFORMATION | |
| fixed length control field | 730525s1964 pau b 000 0 eng |
| 010 ## - LIBRARY OF CONGRESS CONTROL NUMBER | |
| LC control number | 64018686 |
| -- | 64018686 |
| 035 ## - SYSTEM CONTROL NUMBER | |
| -- | (DLC) 64018686 |
| 035 ## - SYSTEM CONTROL NUMBER | |
| System control number | (OCoLC)630829 |
| 040 ## - CATALOGING SOURCE | |
| Original cataloging agency | DLC |
| Transcribing agency | OYU |
| Modifying agency | OCoLC |
| -- | DLC |
| 050 00 - LIBRARY OF CONGRESS CALL NUMBER | |
| Classification number | BV652 |
| Item number | .A35 |
| 082 0# - DEWEY DECIMAL CLASSIFICATION NUMBER | |
| Classification number | BV 652.A35 1964 |
| 100 1# - MAIN ENTRY--PERSONAL NAME | |
| Personal name | Adams, Arthur Merrihew, |
| Dates associated with a name | 1908-1979. |
| 245 10 - TITLE STATEMENT | |
| Title | Pastoral administration. / |
| Statement of responsibility, etc | Arthur Merrihew Adams. |
| 260 ## - PUBLICATION, DISTRIBUTION, ETC. (IMPRINT) | |
| Place of publication, distribution, etc | Philadelphia : |
| Name of publisher, distributor, etc | Westminster Press, |
| Date of publication, distribution, etc | 1964. |
| 300 ## - PHYSICAL DESCRIPTION | |
| Extent | 174 p.; 21 cm. |
| 504 ## - BIBLIOGRAPHY, ETC. NOTE | |
| Bibliography, etc | Includes bibliographical References. |
| 650 #0 - SUBJECT ADDED ENTRY--TOPICAL TERM | |
| Topical term or geographic name as entry element | Church work. |
| 906 ## - LOCAL DATA ELEMENT F, LDF (RLIN) | |
| a | 7 |
| b | cbc |
| c | oclcrpl |
| d | u |
| e | ncip |
| f | 19 |
| g | y-gencatlg |
| 985 ## - | |
| -- | OCLC REPLACEMENT |
| 991 ## - | |
| -- | c-GenColl |
| -- | BV652 |
| -- | .A35 |
| -- | Copy 1 |
| -- | OCLCREP |
| Withdrawn status | Lost status | Source of classification or shelving scheme | Damaged status | Not for loan | Collection code | Home library | Current library | Shelving location | Date acquired | Cost, normal purchase price | Total Checkouts | Full call number | Barcode | Checked out | Date last seen | Date checked out | Copy number | Price effective from | Koha item type |
|---|---|---|---|---|---|---|---|---|---|---|---|---|---|---|---|---|---|---|---|
| Library of Congress Classification | General Circulation | AIU/NEGST - Tony Wilmot Memorial Library | AIU/NEGST - Tony Wilmot Memorial Library | General Stacks | 10/23/2009 | 23.80 | 3 | BV 652.A35 1964 | R166303232 | 12/02/2011 | 11/16/2011 | 11/16/2011 | 1 | 10/23/2009 | Books |
